000 00651cam a2200229 a 4500
001 2349263
005 20171214042534.0
008 830113s1983 nyu b 001 0 eng
010 _a 83000051
020 _a0394331966 (pbk.) :
_c$6.95
040 _aDLC
_cDLC
_dDLC
041 _aeng
043 _an-us---
080 _a349.73
082 0 0 _a349.73 ZAI
_a347.3009
_219
100 1 _a18
101 _aSHP
245 1 0 _aLaw in antebellum society :
_cJamil Zainaldin.
504 _aIncludes bibliographical references and index.
906 _a7
_bcbc
_corignew
_d1
_eocip
_f19
_gy-gencatlg
942 _2ddc
_cBK
999 _c38910
_d38910